ANECDOTARIO ESTUDIANTIL (Registro nro. 21450)
[ vista simple ]
| 000 -LEADER | |
|---|---|
| fixed length control field | 00442nam a2200169 a 4500 |
| 001 - CONTROL NUMBER | |
| control field | 21450 |
| 005 - DATE AND TIME OF LATEST TRANSACTION | |
| control field | 20180713215209.0 |
| 008 - FIXED-LENGTH DATA ELEMENTS--GENERAL INFORMATION | |
| fixed length control field | 140415s1979 000 0 spa d |
| 041 ## - LANGUAGE CODE | |
| Language code of text/sound track or separate title | spa |
| 082 ## - DEWEY DECIMAL CLASSIFICATION NUMBER | |
| Classification number | 868.7248 |
| Item number | ROM |
| 100 1# - MAIN ENTRY--PERSONAL NAME | |
| Personal name | ROMANO MORENO, ARMANDO |
| 245 10 - TITLE STATEMENT | |
| Title | ANECDOTARIO ESTUDIANTIL |
| 260 ## - PUBLICATION, DISTRIBUTION, ETC. | |
| Place of publication, distribution, etc. | [s.l.] : |
| Name of publisher, distributor, etc. | IMPRESOS TECNICOS MARNO, |
| Date of publication, distribution, etc. | 1979 |
| 300 ## - PHYSICAL DESCRIPTION | |
| Extent | 299 |
| 500 ## - GENERAL NOTE | |
| General note | COLECCIÓN PUEBLA |
| 650 14 - SUBJECT ADDED ENTRY--TOPICAL TERM | |
| Topical term or geographic name entry element | ANECDOTAS |
| Withdrawn status | Lost status | Source of classification or shelving scheme | Damaged status | Not for loan | Collection code | Home library | Current library | Shelving location | Date acquired | Source of acquisition | Inventory number | Total Checkouts | Full call number | Barcode | Date last seen | Price effective from | Koha item type |
|---|---|---|---|---|---|---|---|---|---|---|---|---|---|---|---|---|---|
| Dewey Decimal Classification | Consulta en sala | Puebla | Biblioteca Karol Wojtyla | Biblioteca Karol Wojtyla | Área de silencio | 03/12/2013 | Compra | 151000000000000000072922 | 868.7248 ROM | 41754 | 05/01/2026 | 03/12/2013 | Libro |